Une lettre suffit pour répondre juste #11 (attention 10 lettres tuent) - Statistiques

Statistiques générales
  • Ce quiz a été pris 122 fois
  • Le résultat moyen est 4 sur 6
Statistiques - réponses
Hint Réponse % Correct
Donne une des 5 lettres qui complète le titre de ce film de 2018 en extrait : Sans un _ _ _ _ _
BRUIT
100%
Donne une des 4 lettres du sigle correspondant à l'autre forme principale d'union civile que le mariage
PACS
95%
Donne une des 3 lettres du pseudonyme du dessinateur de la bd Titeuf ZEP
85%
Donne une des 2 lettres qui complète le nom de la chanson et de l'artiste de ce clip : Daddy ??
DJ
36%
Donne la lettre qui complète la chanson des Village People They have everything For young men to enjoy You can hang out with all the boys ?.M.C.A. It′s fun to stay at the ?.M.C.A. Y
33%
Donne la lettre qui complète le nom raccourci du duo en image : Kad et ?
O
31%
Aucun quiz correspondant
Distribution des résultats
% des personnes avec chaque résultat
Percentile par nombre de réponses
Votre historique - résultats
Vous n’avez pas pris ce quiz